| 000 | 00560nam a2200181 a 4500 | ||
|---|---|---|---|
| 001 | 3297 | ||
| 003 | CDMR | ||
| 005 | 20130405125302.0 | ||
| 008 | 130130s1990||||||||||||||||||||||||||||d | ||
| 020 | _a8428318174 | ||
| 040 |
_aCDMR _bcat _cCDMR |
||
| 100 | 1 |
_aDíaz Mancisidor, Alberto _91494 |
|
| 245 | 1 | 0 |
_aRadio y televisión _b: introducción a las nuevas tecnologías _cAlberto Díaz Mancisidor |
| 260 |
_aMadrid _c1990 _bParaninfo |
||
| 300 |
_a288 p ; _c24 cm |
||
| 650 | 0 | 4 |
_93080 _aMitjans de comunicació de massa _xInnovacions tecnològiques |
| 942 |
_cMON _2udc |
||
| 999 |
_c3297 _d3297 |
||